Departments of Nicaragua Map Quiz - Statistics

General Stats
  • This quiz has been taken 503 times
  • The average score is 11 of 17
Answers on the Map
Answers color-coded by a green-red scale on the quiz's map according to % correct below.
 
Answer Stats
Answer % Correct
Atlántico Norte
91%
Atlántico Sur
90%
Managua
79%
Chinandega
67%
Granada
66%
León
66%
Masaya
66%
Jinotega
65%
Chontales
63%
Nueva Segovia
62%
Carazo
61%
Madriz
61%
Matagalpa
61%
Estelí
60%
Boaco
59%
Río San Juan
57%
Rivas
34%
No matching quizzes found
Score Distribution
Percent of People with Each Score
Percentile by Number Answered
Your Score History
You have not taken this quiz